Guess the City by it's borders (except it's drawn badly) - Statistics

General Stats
  • This quiz has been taken 82 times
  • The average score is 15 of 24
Answer Stats
Picture Hint Answer % Correct
[ Formerly the capital of the Eastern Roman Empire. ] Istanbul
96%
[ It's famous cathedral had a fire break out in 2019. ] Paris
96%
[ At it's greatest extent, it encircled the entire Mediterranean. ] Rome
93%
[ It is the capital of a large East Asian country. ] Beijing
88%
[ The dividing line should be a hint in of itself. ] Berlin
87%
[ 'Ello gov'nah! ] London
85%
[ The bridge isn't golden... ] San Francisco
85%
[ Jesus Statue. ] Rio De Janeiro
84%
[ tiny city. ] Singapore
84%
[ It's one of THREE capitals of this country. ] Cape Town
79%
[ Destroyed (mostly) in 1812. ] Washington D.C
75%
[ This is the capital of a country with an important canal that shares it's namesake. ] Panama City
69%
[ Holds the bay where the British first landed in the land down under. ] Sydney
66%
[ It was firebombed and destroyed in World War Two (not Dresden). ] Tokyo
66%
[ It's the only city in the Amazon. ] Manaus
63%
[ This city in Australia was bombed in World War II. ] Darwin
60%
[ It's closest capital is in Eswatini. ] Maputo
55%
[ It has old stone triangles. ] Cairo
42%
[ It has a famous mosque built out of mud. ] Timbuktu
39%
[ It's closest capital is across the bay. ] Montevideo
36%
[ It's country is named from bottled water. ] Suva
33%
[ The capital of a country that was formerly split by the German & British empires. ] Port Moresby
31%
[ This city was destroyed by two ships colliding into each other in the harbour. ] Halifax
21%
[ It's known for it's Wine & Hitman 3 level. ] Mendoza
15%
No matching quizzes found
Score Distribution
Percent of People with Each Score
Percentile by Number Answered
Your Score History
You have not taken this quiz